000 00832nam a22002657a 4500
001 4698
003 FISKH
005 20240923100914.0
008 240923b cb ||||| |||| 00| 0 eng d
020 _a0440467012
040 _aFISKH
_beng
_cFISKH
_dFISKH
100 _aBlume, Judy
_d1938
245 _aOtherwise known as sheila the great /
_cJudy Blume
250 _aPublished in 1972
260 _aNew York :
_bA Yearling Book,
_c1972
300 _a118 pages :
_c20cm
505 _aN
520 _aA summer in Tarrytown, N.Y., is a lot of fun for ten-year-old Sheila even though her friends make her face up to some self-truths she doesn't want to admit.
521 8 _a590L
_bLexile
521 8 _aN
_bRaz-Plus
650 _2Friendship
_aFiction
650 _2Humor
_aChildren
942 _2ddc
_cBK
_n0
999 _c4698
_d4698